Daň, jej pojem a funkcie

Úloha daní v spoločnosti v minulosti aj v súčasnosti. Vývoj pojmu daň vo svetle názorov prezentovaných najmä v tuzemskej odbornej literatúre od vzniku Československej republiky. Niektoré teoretické východiská pri konečnom formulovaní pojmu daň vyjadrené najmä vo vedeckých prácach od roku 1990. Funkc...

Descrizione completa

Salvato in:
Dettagli Bibliografici
Autore principale: Grúň, Ľubomír
Natura: Capitolo di libro
Lingua:slovacco
Soggetti:
Tags: Aggiungi Tag
Nessun Tag, puoi essere il primo ad aggiungerne!!

MARC

LEADER 00000naa a2200000 4500
001 r042415
005 20230929081004.4
041 0 |a slo 
044 |a SK 
245 1 0 |a Daň, jej pojem a funkcie  |c Ľubomír Grúň 
520 |a Úloha daní v spoločnosti v minulosti aj v súčasnosti. Vývoj pojmu daň vo svetle názorov prezentovaných najmä v tuzemskej odbornej literatúre od vzniku Československej republiky. Niektoré teoretické východiská pri konečnom formulovaní pojmu daň vyjadrené najmä vo vedeckých prácach od roku 1990. Funkcie daní, ktoré bezprostredne súvisia s postavením dane ako najdôležitejšieho nástroja rozpočtových príjmov štátu a obcí. Úvaha o možnom smerovaní ďalšieho vývoja najmä s prihliadnutím na jestvujúce rezervy v oblasti daňovej legislatívy. 
610 2 0 |a dane 
610 2 0 |a história 
610 2 0 |a teórie ekonomické 
610 2 0 |a Slovensko 
610 2 0 |a sústava daňová 
610 2 0 |a právo daňové 
100 1 |a Grúň, Ľubomír